000 01718cam a22002655i 4500
001 19462688
005 20221219143932.0
008 170125s2016 ii 000 0 eng
010 _a 2016334651
025 _aI-E-2016334651
037 _bLibrary of Congress -- New Delhi Overseas Office
040 _aDLC
_beng
_erda
_cDLC
042 _alcode
082 _a303.6250095,KIE
245 0 0 _aFaith, unity, discipline :
_bthe Inter-Service-Intelligence (ISI) of Pakistan /
_cHein G. Kiessling.
264 1 _aNoida, Uttar Pradesh :
_bHarperCollins Publishers India,
_c2016.
300 _aix, 309 pages
336 _atext
_btxt
_2rdacontent
337 _aunmediated
_bn
_2rdamedia
338 _avolume
_bnc
_2rdacarrier
505 _aThe First Decade (Page-13), The Era of the First Generals 19581971 (Page-19), Zulfikar Ali Bhutto 19711977 (Page-31), An Interim Balance Sheet of Thirty Years 19481977 (Page-43), The ISI Under ZiaulHaq 19771988 (Page-47), Turbulence at the End of the 1980s (Page-61), Domestic Politics 19881991 (Page-71), The ISI and Nawaz Sharif 19901993 (Page-91), History Repeats Itself (Page-115), Foreign Policy and the ISI (Page-135), Nawaz Sharif Second Time Around 19971999 (Page-139), Afghanistan in the 1990s (Page-147), Insurgency in Punjab (Page-153), The ISI in NorthEast India (Page-161), Structure Personnel Budget (Page-167), The ISI Under Pervez Musharraf (Page-177), Kashmir (Page-191), Turbulent Times 20072010 (Page-197), Reform Attempts (Page-209), Clouds on the Horizon (Page-219), Quo Vadis ISI? (Page-231), Postscript (Page-239).
906 _a7
_bpar
_corigode
_d3
_encip
_f20
_gy-gencatlg
942 _2ddc
_cBK
_k303.6250095,KIE
999 _c592728
_d592728